Library Banner

Islami falsafa-e-zindhgi (Urdu) (Record no. 27944)

MARC details
000 -LEADER
fixed length control field 00429nam a2200157Ia 4500
001 - CONTROL NUMBER
control field 27811
008 - FIXED-LENGTH DATA ELEMENTS--GENERAL INFORMATION
fixed length control field 140414s9999 xx 000 0 und d
040 ## - CATALOGING SOURCE
Transcribing agency PK-LaUMT
082 ## - DEWEY DECIMAL CLASSIFICATION NUMBER
Classification number 297
Item number MUH-I
100 ## - MAIN ENTRY--PERSONAL NAME
Personal name Muhammad Tahir ul Qadri, Professor
245 ## - TITLE STATEMENT
Title Islami falsafa-e-zindhgi (Urdu)
Statement of responsibility, etc Muhammad Tahir ul Qadri, Professor
260 ## - PUBLICATION, DISTRIBUTION, ETC. (IMPRINT)
Place of publication, distribution, etc Lahore,Pakistan:
Name of publisher, distributor, etc Maktaba Imtiaz,
Date of publication, distribution, etc NA
300 ## - PHYSICAL DESCRIPTION
Extent 199 p.
546 ## - LANGUAGE NOTE
Language note EN
942 ## - ADDED ENTRY ELEMENTS (KOHA)
Koha item type Books
Holdings
Withdrawn status Lost status Damaged status Not for loan Home library Current library Date acquired Total Checkouts Full call number Barcode Date last seen Price effective from Koha item type
        UMT Main Campus UMT Main Campus 2014-04-14   297 MUH-I 31467 2014-04-25 2014-04-25 Books